| 000 | 01198cam a2200241 4500 | ||
|---|---|---|---|
| 001 | WB3846-13 | ||
| 008 | 021212n2002 000 0 eng u | ||
| 035 | _a(Sirsi) u120754 | ||
| 245 | _aAs time goes by | ||
| 260 | _c2002 | ||
| 490 |
_aEstates Gazette _v(0249) 7 December 2002, 121(1) |
||
| 520 | _aDiscusses the issues arising out of McKillen v Russell [2002]. In 1997 the claimant when selling a property in Newtownards found serious faults with the roof space conversion. This left him unable to sell the property and action was started against the defendant. This failed as the claimant was aware in 1990 of his surveyor's error in respect of a more minor problem in the garage.This case illustrates that a surveyor can only be sued once for negligence in a single survey and that knowledge of one defect missed by the surveyor may prevent a claim when another comes to light. | ||
| 590 | _aWB | ||
| 650 | _aMCKILLEN V RUSSELL | ||
| 650 | _aSURVEYOR | ||
| 650 | _aNEGLIGENCE | ||
| 650 | _aBUILDING DEFECTS | ||
| 650 | _aNORTHERN IRELAND | ||
| 650 | _aLIMITATION (NORTHERN IRELAND) ORDER 1989 | ||
| 650 | _aLIMITATION ACT 1980 | ||
| 690 | _aPROFESSIONAL PRACTICE | ||
| 942 | _n0 | ||
| 999 |
_c71755 _d71755 |
||